|
|
|
|
| LEADER |
00000nam0a2200000 4500 |
| 001 |
314687 |
| 005 |
20231102002713.0 |
| 010 |
|
|
|a 9785982813497
|
| 010 |
|
|
|a 978-5-16-006857-2
|
| 035 |
|
|
|a (RuTPU)RU\TPU\book\340110
|
| 090 |
|
|
|a 314687
|
| 100 |
|
|
|a 20160218d2016 m y0rusy50 ca
|
| 101 |
0 |
|
|a rus
|
| 102 |
|
|
|a RU
|
| 105 |
|
|
|a y j 000zy
|
| 200 |
1 |
|
|a Бухгалтерский учет
|e учебник
|f Л. И. Воронина
|
| 205 |
|
|
|a 5-е изд.
|
| 210 |
|
|
|a Москва
|c Альфа-М
|c Инфра-М
|d 2016
|
| 215 |
|
|
|a 480 с.
|
| 225 |
1 |
|
|a Высшая школа
|
| 225 |
1 |
|
|a Бакалавриат
|
| 330 |
|
|
|a Раскрываются содержание, функции, предмет и метод бухгалтерского учета, принципы балансового обобщения и двойной записи на счетах бухгалтерского учета, процессы документирования и инвентаризации. Приводятся формы бухгалтерского учета и правила его организации, порядок составления бухгалтерской отчетности. Используется терминология нового Федерального закона от 06.12.2011 № 402-ФЗ «О бухгалтерском учете», вступившего в действие 1 января 2013 г. Особое внимание уделяется вопросам учета основных хозяйственных процессов коммерческой организации: снабжения (заготовления), производства и реализации. Теоретические вопросы разъясняются на практических примерах.Для студентов, аспирантов и преподавателей экономических вузов. Представляет интерес для бухгалтеров, аудиторов, слушателей бухгалтерских курсов и руководителей коммерческих организаций.
|
| 606 |
1 |
|
|a Бухгалтерский учет
|2 stltpush
|3 (RuTPU)RU\TPU\subj\30744
|9 53805
|
| 610 |
1 |
|
|a экономика
|
| 610 |
1 |
|
|a теория
|
| 610 |
1 |
|
|a бухгалтерский баланс
|
| 610 |
1 |
|
|a двойная запись
|
| 610 |
1 |
|
|a бухгалтерские счета
|
| 610 |
1 |
|
|a документация
|
| 610 |
1 |
|
|a инвентаризация
|
| 610 |
1 |
|
|a стоимостные методы
|
| 610 |
1 |
|
|a хозяйственные процессы
|
| 610 |
1 |
|
|a учетные регистры
|
| 610 |
1 |
|
|a отчетность
|
| 610 |
1 |
|
|a финансы
|
| 610 |
1 |
|
|a учебники
|
| 675 |
|
|
|a 657.22(075.8)
|v 4
|
| 700 |
|
1 |
|a Воронина
|b Л. И.
|g Лариса Ивановна
|
| 801 |
|
1 |
|a RU
|b 63413507
|c 20160218
|
| 801 |
|
2 |
|a RU
|b 63413507
|c 20160330
|g RCR
|
| 900 |
|
|
|a Бухгалтерский учет
|
| 942 |
|
|
|c BK
|
| 953 |
|
|
|l 8.1
|
| 959 |
|
|
|a 19/20160212
|d 1
|e 599,90
|f ЧЗГЛ:1
|